Central Library OPAC University of Rajshahi

International business : (Record no. 59581)

MARC details
000 -LEADER
fixed length control field 01003nam a2200289 a 4500
001 - CONTROL NUMBER
control field 59581
003 - CONTROL NUMBER IDENTIFIER
rucl marc code BD-RjUL
005 - DATE AND TIME OF LATEST TRANSACTION
control field 20211209080740.0
008 - FIXED-LENGTH DATA ELEMENTS--GENERAL INFORMATION
fixed length control field 161226s1976 maua b 001 0 eng
020 ## - INTERNATIONAL STANDARD BOOK NUMBER
International Standard Book Number 0201014564
035 ## - SYSTEM CONTROL NUMBER
System control number (BD-RjUL)59705
040 ## - CATALOGING SOURCE
Original cataloging agency DLC
Transcribing agency DLC
Modifying agency DLC
Language of cataloging eng
041 ## - LANGUAGE CODE
Language code of text/sound track or separate title eng
082 00 - DEWEY DECIMAL CLASSIFICATION NUMBER
Classification number 658.18
Author mark and year DAI 1976
100 1# - MAIN ENTRY--PERSONAL NAME
Personal name Daniels, John D.
9 (RLIN) 177230
245 10 - TITLE STATEMENT
Title International business :
Remainder of title environments and operations /
Statement of responsibility, etc. John D. Daniels, Ernest W. Ogram, Jr., Lee H. Radebaugh.
260 ## - PUBLICATION, DISTRIBUTION, ETC. (IMPRINT)
Place of publication, distribution, etc. Reading, Mass. :
Name of publisher, distributor, etc. Addison-Wesley Pub. Co.,
Date of publication, distribution, etc. c1976.
300 ## - PHYSICAL DESCRIPTION
Pagination xv, 554 p. :
Illustrations ill. ;
Size 25 cm.
504 ## - BIBLIOGRAPHY, ETC. NOTE
Bibliography, etc Includes bibliographies and indexes.
650 #0 - SUBJECT ADDED ENTRY--TOPICAL TERM
Topical term or geographic name as entry element International business enterprises.
9 (RLIN) 175561
Topical term or geographic name as entry element International economic relations.
9 (RLIN) 172391
Topical term or geographic name as entry element Investments, Foreign.
9 (RLIN) 177231
700 1# - ADDED ENTRY--PERSONAL NAME
Personal name Ogram, Ernest William,
Dates associated with a name 1923-
Relator term joint author.
Personal name Radebaugh, Lee H.,
Relator term joint author.
942 ## - ADDED ENTRY ELEMENTS (KOHA)
Source of classification or shelving scheme Dewey Decimal Classification
Koha item type Books
Holdings
Lost status Source of classification or shelving scheme Damaged status Not for loan Collection code Permanent Location Current Location Shelving location Date acquired Source of acquisition Total Checkouts Full call number Date last seen Copy number Koha item type
  Dewey Decimal Classification   Not For Loan Non-fiction Central Library, University of Rajshahi Central Library, University of Rajshahi Reading Room 16/06/1983 Asia Foundation   658.18 DAI 1976 26/12/2016 C-1 Books